000 00597nam a2200193 4500
999 _c24114
_d24114
008 050804s1957 enka 001 0 eng
100 1 _aBaillie, D. M.
_q(Donald Macpherson),
_d1887-1954.
245 1 4 _aThe theology of the sacraments :
_band other papers /
_cWith a biographical essay by John Baillie.
260 _aLondon :
_bFaber and Faber,
_cc1957.
300 _a158 p. :
_billus ;
_c22 cm.
336 _atext
337 _aunmediated
338 _avolume
650 4 _aFree will and determinism.
650 4 _aPreaching.
650 4 _aSacraments.
951 _x00031193
942 _2lcc
_cBK